| 000 | 00426nam a22001577a 4500 | ||
|---|---|---|---|
| 020 | _a9789812381200 | ||
| 040 | _cNUST | ||
| 082 | _a670.285 KAI | ||
| 100 |
_aK, Chua C _9113938 |
||
| 110 |
_aF, Leong K S, Lim C _9113939 |
||
| 245 |
_aRapid Prototyping: _b Principles and Applications |
||
| 250 | _a2th Edition | ||
| 260 |
_asingapore: _bworld scientific, _c2005. |
||
| 650 |
_aRapid prototyping _962297 |
||
| 942 |
_2ddc _cBK |
||
| 999 |
_c595365 _d595365 |
||